000 00661nam a22002057a 4500
003 DO-SdBNP
005 20211123121750.0
007 ta
008 211123b2018 dr ao||| |||| 00| 0 spa d
020 _a9781729585726
040 _aDO-SdBNP
_bspa
_cBNPHU
100 1 _aTejeda, Juan
_980714
245 1 0 _aEl Danilismo :
_bla nueva filosofía político-social del siglo XXI /
_cJuan Tejeda (Trini).
260 _aSanto Domingo :
_bArgos,
_c2018.
300 _a286 p. :
_bil., fot. ;
_c23 cm.
500 _aIncluye datos biográficos del autor en la solapa de la cubierta.
590 _aInventariado, 2021 /LP
910 _aLopérez.
942 _2ddc
_cLBS1
999 _c51021
_d51021